[Event "7. Longericher Sommer-Open"]
[Site "?"]
[Date "2010.08.01"]
[Round "4.11"]
[White "Begri, Robert"]
[Black "Vaskovitch, Mark"]
[Result "1-0"]
[WhiteElo "1982"]
[BlackElo "1777"]
[PlyCount "117"]
[EventDate "2010.??.??"]
[WhiteTeam "Tischtennisclub Grün-Weiß Fritzd"]
[BlackTeam "SF Köln-Longerich 195"]

1. e4 e6 2. d4 d5 3. Nd2 Nf6 4. e5 Nfd7 5. Bd3 c5 6. c3 Nc6 7. Ne2 Qb6 8. Nf3
cxd4 9. cxd4 Bb4+ 10. Bd2 Bxd2+ 11. Qxd2 Qb4 12. a3 Qxd2+ 13. Nxd2 Nb6 14. b4
Bd7 15. Nb3 Ke7 16. O-O h6 17. Rfc1 Rhc8 18. b5 Nd8 19. Nc5 Rc7 20. Nf4 g6 21.
a4 Rac8 22. Ne2 Be8 23. Ra3 Nd7 24. Rac3 b6 25. Na6 Rxc3 26. Rxc3 Rxc3 27. Nxc3
Nb7 28. f4 Na5 29. Kf2 Kd8 30. g4 f6 31. f5 gxf5 32. gxf5 Bf7 33. Nxd5 fxe5 34.
fxe6 Bxe6 35. Ndc7 Bb3 36. d5 Nc5 37. Nxc5 Kxc7 38. Nxb3 Nxb3 39. Kf3 Kd6 40.
h4 Kxd5 41. Ke3 Nc5 42. Bc2 Kc4 43. Kf3 Kb4 44. Kg4 Nxa4 45. Kh5 Nc3 46. Kxh6
Kxb5 47. h5 Nd5 48. Kg5 Nf4 49. h6 Ne6+ 50. Kf6 Nf8 51. Kf7 Nd7 52. h7 Nc5 53.
h8=Q e4 54. Qd4 a5 55. Bxe4 Nxe4 56. Qxe4 a4 57. Ke6 Ka5 58. Kd5 a3 59. Kc4 1-0

[Event "7. Longericher Sommer-Open"]
[Site "?"]
[Date "2010.08.01"]
[Round "4.12"]
[White "Freundlieb, Thomas"]
[Black "Douteil, Dominik"]
[Result "1-0"]
[WhiteElo "1975"]
[BlackElo "1776"]
[PlyCount "27"]
[EventDate "2010.??.??"]
[WhiteTeam "SV Bergneustadt/Dersch"]
[BlackTeam "Grefrather SV 1962 e.V"]

1. d4 Nf6 2. Nf3 g6 3. Bg5 Bg7 4. Nbd2 O-O 5. c3 h6 6. Bxf6 Bxf6 7. e4 d5 8.
exd5 Qxd5 9. Bc4 Qd6 10. O-O Bf5 11. Qe2 c6 12. Ne4 Bxe4 13. Qxe4 Nd7 14. Qxg6+
1-0

[Event "7. Longericher Sommer-Open"]
[Site "?"]
[Date "2010.08.01"]
[Round "4.13"]
[White "de Vivie, Achim"]
[Black "Arlt, Klaus"]
[Result "1/2-1/2"]
[WhiteElo "1767"]
[BlackElo "1950"]
[PlyCount "51"]
[EventDate "2010.??.??"]
[WhiteTeam "SF Köln-Longerich 195"]
[BlackTeam "SF Köln-Mülheim e.V."]

1. e4 c6 2. d4 d5 3. exd5 cxd5 4. c4 Nf6 5. Nc3 Nc6 6. c5 g6 7. Nf3 Bg7 8. Be2
O-O 9. O-O Ne4 10. Be3 Nxc3 11. bxc3 e5 12. dxe5 Nxe5 13. Bd4 Nc6 14. Bxg7 Kxg7
15. Qb3 Re8 16. Bb5 Be6 17. Nd4 Qc7 18. Rfe1 Na5 19. Qa4 Re7 20. c6 b6 21. Re2
a6 22. Bd3 Ree8 23. Rae1 Qd6 24. Nxe6+ fxe6 25. Qd4+ Kg8 26. Qf6 1/2-1/2

[Event "7. Longericher Sommer-Open"]
[Site "?"]
[Date "2010.08.01"]
[Round "4.14"]
[White "Hirth, Ulrich"]
[Black "Spradley, Julian"]
[Result "1/2-1/2"]
[WhiteElo "1943"]
[BlackElo "1753"]
[PlyCount "78"]
[EventDate "2010.??.??"]
[WhiteTeam "SV Schwarz-Weiß Oberha"]
[BlackTeam "SV Erftstadt e.V."]

1. b3 e5 2. Bb2 Nc6 3. Nf3 d6 4. e3 g6 5. d4 Bg7 6. dxe5 Nxe5 7. Nxe5 Bxe5 8.
Bxe5 dxe5 9. Qxd8+ Kxd8 10. Bc4 Ke7 11. Nc3 c6 12. O-O-O Nf6 13. f3 Be6 14.
Bxe6 Kxe6 15. g4 Rad8 16. e4 h5 17. g5 Nd7 18. h4 Nb8 19. a4 Na6 20. Kb2 Nc7
21. a5 Ke7 22. Ne2 Ne6 23. Kc3 Rxd1 24. Rxd1 Rd8 25. Rd3 Rf8 26. Kd2 f6 27.
gxf6+ Rxf6 28. Ke3 Nf4 29. Nxf4 Rxf4 30. Rc3 a6 31. Rc4 Kd6 32. Rb4 Kc7 33. Ra4
Rxh4 34. Ra1 Rf4 35. Rg1 Rf6 36. Rg5 Re6 37. Kd3 Kd6 38. b4 Ke7 39. Kc4 Kf6
1/2-1/2

[Event "7. Longericher Sommer-Open"]
[Site "?"]
[Date "2010.08.01"]
[Round "4.15"]
[White "Bergner, Philipp"]
[Black "Fassbender, Leopold"]
[Result "1-0"]
[WhiteElo "1930"]
[BlackElo "1716"]
[PlyCount "83"]
[EventDate "2010.??.??"]
[WhiteTeam "Mönchfelder SV 1967"]
[BlackTeam "SF Köln-Müngersdorf 1935"]

1. d4 d5 2. c4 c6 3. Nf3 a6 4. e3 Bf5 5. Nc3 e6 6. Be2 Nd7 7. O-O Bd6 8. b3 Ne7
9. Bb2 O-O 10. Nh4 Bg6 11. Nxg6 hxg6 12. e4 dxe4 13. Nxe4 Bc7 14. Qd3 Nf5 15.
Rfd1 Nf6 16. g3 Nxe4 17. Qxe4 Re8 18. Rac1 Rc8 19. Kg2 Nh6 20. Qf3 Qe7 21. Bd3
Bd6 22. Rc2 Qf8 23. Re2 Be7 24. Bb1 Bf6 25. h4 Qd6 26. Re4 Qd8 27. h5 g5 28. g4
b5 29. Re3 a5 30. Qe4 Kf8 31. Bd3 b4 32. Bc2 Qd7 33. Rf3 Qd8 34. Bc1 Qd7 35.
Be3 e5 36. dxe5 Rxe5 37. Rxd7 Rxe4 38. Bxe4 Nxg4 39. Bc5+ Kg8 40. Ra7 Ne5 41.
Re3 Bd8 42. Bf5 1-0

[Event "7. Longericher Sommer-Open"]
[Site "?"]
[Date "2010.08.01"]
[Round "4.16"]
[White "Dijkhuis, Tycho"]
[Black "Viganske, Christian"]
[Result "1/2-1/2"]
[WhiteElo "1697"]
[BlackElo "1911"]
[PlyCount "143"]
[EventDate "2010.??.??"]
[WhiteTeam "Moira Domtoren(Utrecht, Niederl"]
[BlackTeam "SK Turm Euskirchen 65"]

1. e4 c5 2. Nf3 d6 3. d4 cxd4 4. Nxd4 Nf6 5. Nc3 g6 6. Be3 Bg7 7. f3 O-O 8. Bc4
Nc6 9. Qd2 Bd7 10. O-O-O Rc8 11. Bb3 Ne5 12. h4 h5 13. Kb1 Nc4 14. Bxc4 Rxc4
15. g4 b5 16. Rdg1 Qa5 17. Nb3 Qa6 18. e5 Nxg4 19. fxg4 Bxg4 20. Nd5 Bxe5 21.
Nxe7+ Kh7 22. Bd4 Re8 23. Nd5 Bf3 24. Bxe5 Rxe5 25. Nb4 Qb6 26. Re1 Bxh1 27.
Rxh1 Qe3 28. Qxd6 Qe4 29. Rf1 Rf5 30. Rxf5 Qxf5 31. Qe7 Re4 32. Qf8 Rxh4 33. a3
Qf1+ 34. Ka2 Qc4 35. Qa8 Rf4 36. Qxa7 h4 37. Qe3 Qe4 38. Qh3 Kh6 39. Qh2 g5 40.
Nd3 Rf6 41. Qb8 Kg7 42. Qxb5 Rf5 43. Qd7 h3 44. Qc7 Qg2 45. Ne1 Qe4 46. Qc3+
Kg6 47. Qxh3 Qxe1 48. c4 Qe4 49. c5 Rf3 50. Qd7 Rd3 51. Qb5 Rd1 52. a4 g4 53.
c6 g3 54. c7 Qe6 55. Qb7 Rc1 56. Qg2 Qd6 57. Qe4+ Kh5 58. Qf5+ Kh4 59. c8=Q
Rxc8 60. Qxc8 g2 61. Qc1 Qg3 62. Qg1 Kh3 63. a5 Qf4 64. Nd4 Qf1 65. Qe3+ Kg4
66. Qe4+ Kg5 67. Nf3+ Kf6 68. Qe5+ Kg6 69. Qg5+ Kh7 70. Qh5+ Kg7 71. Qg5+ Kf8
72. Qd8+ 1/2-1/2

[Event "7. Longericher Sommer-Open"]
[Site "?"]
[Date "2010.08.01"]
[Round "4.17"]
[White "Wulfken, Christof"]
[Black "Havenith, Michael"]
[Result "1-0"]
[WhiteElo "1898"]
[BlackElo "1692"]
[PlyCount "149"]
[EventDate "2010.??.??"]
[WhiteTeam "SF Schlebusch"]
[BlackTeam "SV Würselen 1926 e.V."]

1. d4 Nf6 2. Nf3 g6 3. c4 d5 4. Nc3 Bg7 5. e3 O-O 6. h3 c6 7. b3 Nbd7 8. Be2
Re8 9. Bb2 Ne4 10. O-O Ndf6 11. cxd5 cxd5 12. Bb5 Nxc3 13. Bxc3 Bd7 14. Qe2
Bxb5 15. Qxb5 Qd7 16. Qxd7 Nxd7 17. Rac1 Rac8 18. Bb4 e6 19. Rfd1 Bf8 20. Bxf8
Kxf8 21. Kf1 Ke7 22. Ke2 b5 23. a3 f6 24. Ne1 Kd6 25. f4 Nb6 26. Nd3 Rxc1 27.
Rxc1 Rc8 28. Rc5 a6 29. Rxc8 Nxc8 30. Nc5 a5 31. Kd3 Ne7 32. Nb7+ Kc6 33. Nxa5+
Kb6 34. b4 Kc7 35. Nb3 Nc8 36. Nc5 Kd6 37. a4 bxa4 38. Nxa4 Na7 39. g4 g5 40.
fxg5 fxg5 41. Nc3 Kc6 42. e4 Nb5 43. Na4 Nc7 44. Nc5 Kd6 45. Nb7+ Kd7 46. Ke3
Nb5 47. Nc5+ Kd6 48. Nd3 Nc3 49. e5+ Ke7 50. Ne1 Nd1+ 51. Kf3 Nc3 52. Kg2 Kd7
53. Kf3 Nb5 54. Ke3 Nc3 55. Nf3 h6 56. Nd2 Nb5 57. Kd3 Nc7 58. Nf3 Ke7 59. h4
gxh4 60. Nxh4 Kf7 61. Nf3 Ke7 62. Nh4 Kf7 63. Nf3 Ke7 64. Kc3 Kd7 65. Kb3 Kc6
66. Ka4 Nb5 67. Ka5 Nc3 68. g5 hxg5 69. Nxg5 Ne2 70. Nxe6 Kd7 71. Nc5+ Kc7 72.
Nb3 Nf4 73. b5 Ne6 74. b6+ Kb8 75. Kb5 1-0

[Event "7. Longericher Sommer-Open"]
[Site "?"]
[Date "2010.08.01"]
[Round "4.18"]
[White "Speck, Stefan"]
[Black "Romanov, Alexey"]
[Result "1-0"]
[WhiteElo "1895"]
[BlackElo "1673"]
[PlyCount "123"]
[EventDate "2010.??.??"]
[WhiteTeam "SC Solingen 1928 e.V."]
[BlackTeam "SK Mannheim 1946 e.V."]

1. d4 d5 2. Nf3 Nf6 3. Bg5 Ne4 4. Bf4 c5 5. dxc5 e6 6. Nbd2 Nxc5 7. c3 Bd6 8.
g3 Nc6 9. Bxd6 Qxd6 10. Bg2 O-O 11. O-O e5 12. Qc2 e4 13. Nd4 Qh6 14. b4 Ne6
15. Nf5 Qh5 16. Ne3 Nc7 17. f3 f5 18. fxe4 dxe4 19. Rf2 Qg5 20. Ndf1 Be6 21.
Rd1 Rad8 22. a3 h5 23. c4 Ne7 24. h4 Qh6 25. Bh3 Rxd1 26. Qxd1 f4 27. Bxe6+
Nxe6 28. Nd5 Ng6 29. Qc2 e3 30. Rg2 Nd4 31. Qxg6 Qxg6 32. Ne7+ Kf7 33. Nxg6 f3
34. Ne5+ Ke6 35. Nxf3 Nc2 36. g4 hxg4 37. Rxg4 Rf7 38. Ng5+ Kf5 39. Rg3 Rc7 40.
Nxe3+ Nxe3 41. Rxe3 Rxc4 42. Nf3 Rc7 43. Kf2 Kf6 44. Rd3 a5 45. bxa5 Ke7 46. e4
Rc5 47. Ke3 Rxa5 48. Kf4 Ra4 49. Rb3 b6 50. Rxb6 Rxa3 51. Rb7+ Kf8 52. Ng5 Ra6
53. e5 Ra4+ 54. Kf5 Rxh4 55. Ne6+ Kg8 56. Rxg7+ Kh8 57. Rg4 Rh7 58. Ng5 Ra7 59.
Ne4 Ra6 60. Nf6 Ra8 61. Rh4+ Kg7 62. Rh7+ 1-0

[Event "7. Longericher Sommer-Open"]
[Site "?"]
[Date "2010.08.01"]
[Round "4.19"]
[White "Gutt, Oswald"]
[Black "Langosch, Thomas"]
[Result "1-0"]
[WhiteElo "1891"]
[BlackElo "1538"]
[PlyCount "73"]
[EventDate "2010.??.??"]
[WhiteTeam "Bergische SF 1923 Ber"]
[BlackTeam "SG Motor Barleben"]

1. d4 d5 2. c4 e6 3. Nc3 c6 4. e3 Nf6 5. Nf3 Bd6 6. Bd3 O-O 7. e4 dxe4 8. Nxe4
Nxe4 9. Bxe4 h6 10. O-O Nd7 11. Bd2 e5 12. Bc3 exd4 13. Qxd4 Nf6 14. Rad1 Be7
15. Qe5 Qe8 16. Rfe1 Be6 17. Bf5 Qc8 18. Bxe6 fxe6 19. Qxe6+ Qxe6 20. Rxe6 Kf7
21. Ree1 Rfe8 22. Ne5+ Kg8 23. Ng6 Kf7 24. Nxe7 Rxe7 25. Rxe7+ Kxe7 26. f3 Rd8
27. Rxd8 Kxd8 28. Bxf6+ gxf6 29. Kf2 Kd7 30. Kg3 Kd6 31. Kf4 Ke6 32. g4 a6 33.
h4 b5 34. cxb5 axb5 35. Ke4 c5 36. f4 Kd6 37. g5 1-0

[Event "7. Longericher Sommer-Open"]
[Site "?"]
[Date "2010.08.01"]
[Round "4.20"]
[White "Reinartz, Ulrich"]
[Black "Kiese, Matthias"]
[Result "0-1"]
[WhiteElo "1630"]
[BlackElo "2194"]
[PlyCount "90"]
[EventDate "2010.??.??"]
[WhiteTeam "vereinslos"]
[BlackTeam "SGEM Waldshut-Tiengen"]

1. e4 c5 2. c3 d5 3. exd5 Qxd5 4. d4 Nc6 5. Nf3 Bg4 6. Be2 cxd4 7. cxd4 e6 8.
O-O Nf6 9. Nc3 Qa5 10. Be3 Bd6 11. Rc1 O-O 12. h3 Bh5 13. Qb3 Qb4 14. Qxb4 Nxb4
15. Nb5 Bb8 16. Rc4 Nbd5 17. g4 Bg6 18. Rfc1 a6 19. Na3 b5 20. Rc6 Nxe3 21.
fxe3 Be4 22. R6c5 Bd6 23. Nd2 Bxc5 24. dxc5 Bd5 25. c6 Rfc8 26. Bf3 Bxf3 27.
Nxf3 Kf8 28. Ne5 Ke7 29. Nc2 Nd5 30. e4 Nf4 31. Nd4 Rc7 32. Kh2 Rd8 33. Nb3 Nd3
34. Nxd3 Rxd3 35. Rc2 Re3 36. Nc5 Rxc6 37. b4 Rxe4 38. a3 Rc4 39. Rd2 R6xc5 40.
bxc5 Rxc5 41. Rd3 h5 42. Kg3 hxg4 43. Kxg4 Kf6 44. h4 Rc4+ 45. Kg3 Ra4 0-1

[Event "7. Longericher Sommer-Open"]
[Site "?"]
[Date "2010.08.01"]
[Round "4.21"]
[White "Grzeca, Pascal"]
[Black "Bauer, Andreas"]
[Result "1/2-1/2"]
[WhiteElo "1897"]
[BlackElo "2086"]
[PlyCount "80"]
[EventDate "2010.??.??"]
[WhiteTeam "SV Spr.Siershahn"]
[BlackTeam "SC Emmendingen 1937 e.V."]

1. e4 c5 2. Nf3 Nc6 3. d4 cxd4 4. Nxd4 Nf6 5. Nc3 e5 6. Ndb5 d6 7. Bg5 a6 8.
Na3 b5 9. Nd5 Be7 10. Bxf6 Bxf6 11. c3 O-O 12. Nc2 Rb8 13. Be2 Bg5 14. O-O Ne7
15. Ncb4 Nxd5 16. Nxd5 Be6 17. Qd3 Qd7 18. Rad1 Kh8 19. f4 exf4 20. Nxf4 Bc4
21. Qc2 Bxe2 22. Qxe2 Rbe8 23. Nh3 Bh6 24. Qd3 g6 25. Rfe1 f5 26. Kh1 fxe4 27.
Rxe4 Rxe4 28. Qxe4 Re8 29. Qd4+ Bg7 30. Qd3 Qf5 31. Qxf5 gxf5 32. Ng1 b4 33.
Rxd6 bxc3 34. bxc3 Bxc3 35. Rd3 Bb4 36. Rd4 Bc3 37. Rc4 Bb2 38. Rc2 Bd4 39. Nf3
Rb8 40. g3 Be3 1/2-1/2

[Event "7. Longericher Sommer-Open"]
[Site "?"]
[Date "2010.08.01"]
[Round "4.22"]
[White "Lenhardt, Manfred"]
[Black "Kuhn, Andreas"]
[Result "1-0"]
[WhiteElo "2003"]
[BlackElo "1856"]
[PlyCount "49"]
[EventDate "2010.??.??"]
[WhiteTeam "SC Weisse Dame e.V."]
[BlackTeam "SG Niederkassel"]

1. g3 g6 2. Bg2 Bg7 3. d4 d6 4. Nh3 Nf6 5. f3 O-O 6. Nf2 Nbd7 7. O-O e5 8. c3
c6 9. Na3 exd4 10. cxd4 d5 11. e4 dxe4 12. fxe4 Nb6 13. Nc2 Be6 14. Ne3 Qd7 15.
Qd3 Rad8 16. Rd1 Rfe8 17. a4 Nxe4 18. Nxe4 Bxd4 19. Qxd4 Qxd4 20. Rxd4 Rxd4 21.
Nf6+ Kf8 22. Nxe8 Kxe8 23. a5 Nd5 24. a6 bxa6 25. Bxd5 1-0

[Event "7. Longericher Sommer-Open"]
[Site "?"]
[Date "2010.08.01"]
[Round "4.23"]
[White "Dickmann, Thomas"]
[Black "Stelzer, Wolfgang"]
[Result "1-0"]
[WhiteElo "1993"]
[BlackElo "1799"]
[PlyCount "53"]
[EventDate "2010.??.??"]
[WhiteTeam "SV Wesel 1928 e.V."]
[BlackTeam "SC Wittlich 1947"]

1. e4 c5 2. c3 d5 3. exd5 Qxd5 4. d4 cxd4 5. cxd4 Nc6 6. Nf3 e5 7. Nc3 Bb4 8.
Be2 e4 9. O-O Bxc3 10. bxc3 exf3 11. Bxf3 Qd6 12. Re1+ Kd8 13. Qb3 Qf6 14. Qd5+
Kc7 15. Bg5 Qf5 16. Re5 $1 Qd7 (16... Nxe5 17. Bd8+ Kb8 18. Qd6#) 17. Qc4 f6
18. Rd5 fxg5 19. Rxd7+ Kxd7 20. Qf7+ Nge7 21. d5 Nd8 22. Qxg7 Rg8 23. Qxh7 Kd6
24. Re1 Re8 25. Qh6+ Kc5 26. Qxg5 Nf7 27. Qf4 1-0

[Event "7. Longericher Sommer-Open"]
[Site "?"]
[Date "2010.08.01"]
[Round "4.24"]
[White "Zotkin, Alexander"]
[Black "Holzem, Christopher"]
[Result "0-1"]
[WhiteElo "1876"]
[BlackElo "1972"]
[PlyCount "75"]
[EventDate "2010.??.??"]
[WhiteTeam "SF Köln-Longerich 195"]
[BlackTeam "Turnerschaft Bergisch-Gladbach 1"]

1. e4 e5 2. Nf3 Nf6 3. Nxe5 d6 4. Nf3 Nxe4 5. Be2 Nc6 6. O-O Be7 7. Re1 O-O 8.
h3 d5 9. d3 Nf6 10. Bf4 Bd6 11. Qd2 Be6 12. Nc3 a6 13. a3 Re8 14. Ng5 Bf5 15.
Nf3 d4 16. Na2 Nd5 17. Bxd6 Qxd6 18. Nh4 Bd7 19. Bg4 Bxg4 20. hxg4 g6 21. Qg5
f6 22. Qd2 Ne5 23. g5 f5 24. c4 dxc3 25. bxc3 Qxa3 26. Re2 (26. c4 Nb6 27. Nb4
Qb3 28. Reb1) 26... Re7 27. Rae1 Rae8 28. c4 Nb6 29. Nb4 a5 30. Nc2 Qa4 31. Nd4
Qd7 32. Nhf3 Nxf3+ 33. Nxf3 Rxe2 34. Rxe2 Rxe2 35. Qxe2 a4 36. Ne5 Qd4 37. Nxg6
hxg6 38. c5 0-1

[Event "7. Longericher Sommer-Open"]
[Site "?"]
[Date "2010.08.01"]
[Round "4.25"]
[White "Fichtner, Ewald"]
[Black "Knobeloch, Olaf"]
[Result "1-0"]
[WhiteElo "1969"]
[BlackElo "1460"]
[PlyCount "81"]
[EventDate "2010.??.??"]
[WhiteTeam "SG Solingen e.V."]
[BlackTeam "Pulheimer Sport-Club 1924/57 e.V"]

1. d4 Nf6 2. Bf4 d5 3. e3 e6 4. Nd2 Bd6 5. Bg3 O-O 6. Ngf3 Nc6 7. c3 Re8 8. Ne5
a6 9. f4 Ne4 10. Ndf3 f6 11. Nxc6 bxc6 12. Bh4 c5 13. Bd3 Qd7 14. O-O Bb7 15.
Kh1 a5 16. Qe2 Qc8 17. g4 cxd4 18. cxd4 Ba6 19. Rfc1 Bxd3 20. Qxd3 Qa6 21. Qxa6
Rxa6 22. Be1 c5 23. dxc5 Bxc5 24. Nd4 e5 25. Nc2 exf4 26. exf4 Nf2+ 27. Bxf2
Bxf2 28. Ne1 Bxe1 29. Rxe1 Rae6 30. Rxe6 Rxe6 31. Rd1 Rd6 32. Kg2 Kf7 33. f5
Ke7 34. Kf3 Kd7 35. Rc1 Rc6 36. Rxc6 Kxc6 37. Ke3 Kc5 38. Kd3 g6 39. fxg6 hxg6
40. h4 a4 41. h5 1-0

[Event "7. Longericher Sommer-Open"]
[Site "?"]
[Date "2010.08.01"]
[Round "4.26"]
[White "Kürten, Lothar"]
[Black "Häussler, Daniel"]
[Result "0-1"]
[WhiteElo "1677"]
[BlackElo "1939"]
[PlyCount "74"]
[EventDate "2010.??.??"]
[WhiteTeam "SF Köln-Longerich 195"]
[BlackTeam "SC Ostfildern 1952 e.V."]

1. e4 c5 2. d4 cxd4 3. c3 d3 4. Nf3 Nc6 5. Bxd3 d6 6. Bf4 e5 7. Be3 Be7 8. O-O
Be6 9. Qe2 Nf6 10. Bc2 O-O 11. Rd1 Qc7 12. Ng5 Bg4 13. Nf3 Rad8 14. h3 Bh5 15.
Bg5 b5 16. a4 b4 17. Nbd2 Rb8 18. Nc4 Rfd8 19. Ne3 bxc3 20. Bxf6 cxb2 21. Rab1
Bxf6 22. Nd5 Qb7 23. Nxf6+ gxf6 24. Qe3 Bxf3 25. Qxf3 Nd4 26. Qxf6 Nxc2 27. Rd3
Kf8 28. Rf3 Nd4 29. Qh8+ Ke7 30. Qf6+ Kd7 31. Qxf7+ Kc8 32. Rc3+ Nc6 33. Qe6+
Kc7 34. Qd5 Qa6 35. Rc2 Qxa4 36. Rbxb2 Rxb2 37. Rxb2 Qa1+ 0-1

[Event "7. Longericher Sommer-Open"]
[Site "?"]
[Date "2010.08.01"]
[Round "4.27"]
[White "Dorloff, Jakobus"]
[Black "Wickenfeld, Stefan"]
[Result "0-1"]
[WhiteElo "1517"]
[BlackElo "1920"]
[PlyCount "62"]
[EventDate "2010.??.??"]
[WhiteTeam "Betriebssportgemeinschaft Rheinp"]
[BlackTeam "SK Herne-Sodingen 1924"]

1. e4 c5 2. c3 Nf6 3. e5 Nd5 4. d4 cxd4 5. cxd4 Nc6 6. Nf3 d6 7. Nc3 e6 8. Bc4
Nb6 9. Bb3 Be7 10. O-O O-O 11. a3 a6 12. Qc2 dxe5 13. dxe5 Nd4 14. Nxd4 Qxd4
15. Be3 Qd8 16. Rad1 Nd7 17. f4 Qc7 18. Rf3 b5 19. Rh3 g6 20. Qf2 Nc5 21. Bc2
Bb7 22. b4 Nd7 23. Ne4 Rac8 24. Rxd7 Qxd7 25. Nf6+ Bxf6 26. exf6 Qd5 27. Bc5
Rfd8 28. Be7 Qa2 29. Bc5 Qa1+ 30. Qf1 Qxf1+ 31. Kxf1 Rd2 0-1

[Event "7. Longericher Sommer-Open"]
[Site "?"]
[Date "2010.08.01"]
[Round "4.28"]
[White "Martens, Nick"]
[Black "König, Dirk Norbert"]
[Result "0-1"]
[WhiteElo "1518"]
[BlackElo "2125"]
[PlyCount "78"]
[EventDate "2010.??.??"]
[WhiteTeam "SF Battenberg"]
[BlackTeam "SVigung 1920 Plettenbe"]

1. f4 Nf6 2. Nf3 d6 3. e3 g6 4. Nc3 Bg7 5. Be2 O-O 6. O-O c6 7. a3 Nbd7 8. Rb1
b5 9. b3 Bb7 10. Bb2 a6 11. Qe1 c5 12. Ng5 h6 13. Nh3 e6 14. Bf3 d5 15. Ne2 Ne8
16. Bxg7 Kxg7 17. d3 Nd6 18. c4 Qf6 19. g4 Qe7 20. Qc3+ Kh7 21. Qe1 Nb6 22. Qa5
Nd7 23. Ng3 dxc4 24. Bxb7 Nxb7 25. Qc7 Rab8 26. Qc6 Na5 27. Qxa6 Ra8 28. Qxb5
Rfb8 29. Qa4 Nb6 30. Qb5 Nd5 31. bxc4 Rxb5 32. cxb5 Nxe3 33. Rfc1 Nxg4 34. b6
Nb7 35. Ra1 Qh4 36. Kg2 Ne3+ 37. Kf3 Nd5 38. Rc2 Qxh3 39. Rb2 Ra4 0-1

[Event "7. Longericher Sommer-Open"]
[Site "?"]
[Date "2010.08.01"]
[Round "4.29"]
[White "Zilberman, Rodion"]
[Black "Gail, Edgar"]
[Result "1-0"]
[WhiteElo "1913"]
[BlackElo "1502"]
[PlyCount "103"]
[EventDate "2010.??.??"]
[WhiteTeam "SF Köln-Longerich 195"]
[BlackTeam "Klub Kölner SF e.V. 1"]

1. d4 d5 2. c4 e6 3. Nc3 c5 4. cxd5 exd5 5. Nf3 Nc6 6. e3 Nf6 7. Bb5 Bd6 8.
dxc5 Bxc5 9. O-O O-O 10. Ne2 Bf5 11. Ng3 Bg6 12. a3 a6 13. Bxc6 bxc6 14. Ne5
Qc7 15. Nxg6 hxg6 16. Ne2 Bd6 17. g3 Be5 18. Qc2 c5 19. Rb1 Rfd8 20. Rd1 Qb6
21. b4 Rab8 22. Bb2 Bxb2 23. Rxb2 a5 24. b5 Ne4 25. Nf4 Nf6 26. Nd3 c4 27. Ne5
Rd6 28. Nf3 Ne4 29. Nd4 Rf6 30. f3 Nc5 31. Rbb1 Nd3 32. Kg2 Re8 33. Rxd3 cxd3
34. Qxd3 Qc5 35. Kf2 g5 36. Rh1 g4 37. f4 Re4 38. Rd1 Rh6 39. Kg2 Qe7 40. Nf5
Qe6 41. Nxh6+ Qxh6 42. Rc1 Qb6 43. Rc8+ Kh7 44. Re8 f5 45. Rxe4 dxe4 46. Qd5 g6
47. Kf2 Qc7 48. Qc6 Qf7 49. Qc2 a4 50. b6 Kh6 51. Qb2 Qb7 52. Qh8+ 1-0

[Event "7. Longericher Sommer-Open"]
[Site "?"]
[Date "2010.08.01"]
[Round "4.30"]
[White "Shishkov, Mark"]
[Black "Jakob, Matthias"]
[Result "0-1"]
[WhiteElo "1450"]
[BlackElo "1880"]
[PlyCount "34"]
[EventDate "2010.??.??"]
[WhiteTeam "SC Erkrath 1973"]
[BlackTeam "Turn- u. SpV Düsseldorf-"]

1. d4 e6 2. c4 b6 3. Nc3 Bb7 4. f3 f5 5. Nh3 Bb4 6. Nf2 Nf6 7. Qc2 Nc6 8. e3
O-O 9. a3 Bxc3+ 10. Qxc3 Ne7 11. b4 Ng6 12. Bd3 Nh4 13. Bf1 Qe8 14. Qd3 Qg6 15.
f4 Nxg2+ 16. Bxg2 Qxg2 17. Bb2 Ne4 0-1

[Event "7. Longericher Sommer-Open"]
[Site "?"]
[Date "2010.08.01"]
[Round "4.31"]
[White "Lasschuit, Rene"]
[Black "Jansen, Kurt"]
[Result "1-0"]
[WhiteElo "1800"]
[BlackElo "1449"]
[PlyCount "77"]
[EventDate "2010.??.??"]
[WhiteTeam "SV Het Probleem Amsterdam"]
[BlackTeam "SK Sülz-Klettenberg"]

1. d4 e6 2. Nf3 d5 3. g3 c5 4. Bg2 Qb6 5. O-O Nc6 6. dxc5 Bxc5 7. Nc3 Qd8 8. a3
h6 9. b4 Bd6 10. Bb2 Nf6 11. Nb5 Be7 12. c4 dxc4 13. Qxd8+ Bxd8 14. Ne5 O-O 15.
Nxc6 bxc6 16. Bxc6 Rb8 17. Nxa7 Bc7 18. Nxc8 Rfxc8 19. b5 Bd6 20. Bd4 Rd8 21.
Rfd1 Be7 22. a4 Nd5 23. Be5 Bd6 24. Bxd6 Rxd6 25. e4 Rxc6 26. bxc6 Ne7 27. c7
Rc8 28. Rd8+ Kh7 29. Rxc8 Nxc8 30. Rc1 Kg6 31. Rxc4 Kf6 32. Kg2 e5 33. f4 Ke6
34. Kf3 f6 35. f5+ Kd7 36. a5 Na7 37. Kg4 Nc8 38. Kh5 Ne7 39. a6 1-0

[Event "7. Longericher Sommer-Open"]
[Site "?"]
[Date "2010.08.01"]
[Round "4.32"]
[White "Rieger, Isabelle"]
[Black "Kirst, Peter"]
[Result "1-0"]
[WhiteElo "1405"]
[BlackElo "1687"]
[PlyCount "79"]
[EventDate "2010.??.??"]
[WhiteTeam "SV Fideler Bauer Lever"]
[BlackTeam "SV Erftstadt e.V."]

1. d4 Nf6 2. c4 g6 3. Nc3 Bg7 4. e4 d6 5. Nf3 O-O 6. Be2 Nbd7 7. O-O e5 8. d5
h6 9. b4 a5 10. Ba3 axb4 11. Bxb4 b6 12. Nd2 Kh7 13. Nb3 Ng8 14. a4 f5 15. a5
bxa5 16. Nxa5 Qg5 17. Nb5 Nc5 18. Nxc7 Ra7 19. Nb5 Rd7 20. Nxd6 Na6 21. Nxc8
Nxb4 22. Qa4 Qd8 23. Qxb4 Qxc8 24. Nc6 fxe4 25. Bg4 Qe8 26. Bxd7 Qxd7 27. Ra7
Qf5 28. Nxe5 e3 29. Nf3 exf2+ 30. Rxf2 Kh8 31. Qb7 Ne7 32. Raa2 Rf7 33. d6 Nc6
34. Qb5 Nd4 35. Qxf5 Rxf5 36. Ra8+ Kh7 37. d7 Nc6 38. d8=Q Nxd8 39. Rxd8 Rc5
40. Rc2 1-0

[Event "7. Longericher Sommer-Open"]
[Site "?"]
[Date "2010.08.01"]
[Round "4.33"]
[White "Fieberg, Samuel"]
[Black "Granz, Thomas"]
[Result "1-0"]
[WhiteElo "1355"]
[BlackElo "1650"]
[PlyCount "83"]
[EventDate "2010.??.??"]
[WhiteTeam "SF Köln-Mülheim e.V."]
[BlackTeam "SVigung 1919 Königsspr"]

1. e4 e5 2. Nf3 Nc6 3. Bc4 Bc5 4. c3 d6 5. h3 Nf6 6. d3 O-O 7. Bb3 Be6 8. O-O
h6 9. Re1 Qd7 10. Nbd2 Nh5 11. Nf1 Kh8 12. d4 exd4 13. cxd4 Bxb3 14. axb3 Bb4
15. Re2 Rfe8 16. g4 Nf6 17. Ng3 Rad8 18. Kg2 a5 19. g5 Ng8 20. gxh6 Nxh6 21.
Bxh6 gxh6 22. Nh4 Qe7 23. d5 Ne5 24. Nhf5 Qf6 25. Re3 Ng6 26. Rb1 Nf4+ 27. Kh2
Rg8 28. Rf3 Qg5 29. Qc1 Ng6 30. Qxg5 hxg5 31. Nh6 Ne5 32. Rf6 Rgf8 33. Nh5 c6
34. Nf5 Ng6 35. Rg1 Bd2 36. dxc6 bxc6 37. Nxd6 Nf4 38. Rxg5 Nxh5 39. Rxh5+ Kg7
40. e5 Bf4+ 41. Rxf4 f6 42. Rg4# 1-0

[Event "7. Longericher Sommer-Open"]
[Site "?"]
[Date "2010.08.01"]
[Round "4.34"]
[White "Smets, Heike"]
[Black "Nagel, Detlev"]
[Result "0-1"]
[WhiteElo "1640"]
[BlackElo "1361"]
[PlyCount "58"]
[EventDate "2010.??.??"]
[WhiteTeam "vereinslos"]
[BlackTeam "TSV Burgdorf"]

1. d4 g6 2. e4 Bg7 3. Nf3 d6 4. Bc4 e6 5. Nc3 Ne7 6. O-O a6 7. d5 e5 8. Ng5 h6
9. Nf3 Nd7 10. Be3 Nf6 11. h3 Bd7 12. Qd2 b5 13. Bb3 a5 14. a3 g5 15. Qd3 Rb8
16. Nxe5 dxe5 17. d6 cxd6 18. Qxd6 O-O 19. Rfd1 Ng6 20. Nd5 Nxe4 21. Ne7+ Qxe7
22. Qxe7 Nxe7 23. Rxd7 Nf5 24. Ba7 Rbc8 25. Rad1 a4 26. Bd5 Nf6 27. Bb7 Rxc2
28. Rd8 Rc7 29. g4 Nh4 0-1

[Event "7. Longericher Sommer-Open"]
[Site "?"]
[Date "2010.08.01"]
[Round "4.35"]
[White "Natterer, Marco"]
[Black "Klein, Markus"]
[Result "1-0"]
[WhiteElo "1637"]
[BlackElo "1333"]
[PlyCount "121"]
[EventDate "2010.??.??"]
[WhiteTeam "SF Seelscheid e.V."]
[BlackTeam "SK Sülz-Klettenberg"]

1. e4 e5 2. Nf3 d6 3. d4 exd4 4. Qxd4 Nc6 5. Bb5 Bd7 6. Qd3 Be7 7. Nc3 Bf6 8.
O-O Ne5 9. Nxe5 Bxe5 10. f4 Bf6 11. Re1 Be7 12. a3 c6 13. Bc4 f6 14. Bd2 Qc7
15. Qg3 Bf8 16. Bb3 O-O-O 17. Be3 Kb8 18. Bf7 h6 19. Rad1 g5 20. Rd4 Bg7 21.
Rc4 c5 22. Nd5 Qc8 23. Bxg8 Rhxg8 24. Ne7 Qc7 25. Nxg8 Rxg8 26. f5 Re8 27. Rd1
Bf8 28. b4 b6 29. Kf2 Bb5 30. Rc3 Rxe4 31. bxc5 Re5 32. Kg1 Rxf5 33. Rb3 Qc6
34. h3 Kb7 35. cxb6 axb6 36. Rdb1 Qc4 37. Rb4 Qe2 38. c4 Bc6 39. Bxb6 Be4 40.
Bc5+ Kc7 41. R4b2 Qxc4 42. Bb6+ Kd7 43. Rd1 Qc6 44. Qb3 Bd5 45. Qb5 Qxb5 46.
Rxb5 Kc6 47. a4 Re5 48. Rc1+ Kd7 49. Bd4 Bc6 50. Rxc6 Kxc6 51. Bxe5 dxe5 52. g4
Bc5+ 53. Kg2 e4 54. Rb1 e3 55. Kf3 Ba7 56. a5 Bd4 57. a6 Kc7 58. Rb7+ Kc6 59.
Rh7 Kb6 60. a7 e2 61. Kxe2 1-0